000 00629nas a22001697a 4500
008 210325b th ||||| |||| 00| 0 tha d
022 _a08598171
041 0 _atha
245 1 0 _aวารสารประสิทธิภาพพลังงาน
260 3 _bมูลนิธิสถาบันประสิทธิภาพพลังงาน(ประเทศไทย)
310 _aรายสามเดือน
850 _aNALT
942 _cJNR
997 _c42262
999 _c82262
_d82262